书目信息 |
| 题名: |
公路工程技术标准 JTG B01-2003
|
|
| 作者: | ;交通部 , 中国工程建设标准化协会公路工程委员会 主编 ;中华人民共和国 批准 | |
| 分册: | ||
| 出版信息: | 北京 人民交通出版社 2004 |
|
| 页数: | 102页 | |
| 开本: | 30cm | |
| 丛书名: | 中华人民共和国行业标准 | |
| 单 册: | ||
| 中图分类: | U415.1-65 | |
| 科图分类: | ||
| 主题词: | 道路工程--Dao Lu Gong Cheng--工程施工--标准--中国 | |
| 电子资源: | ||
| ISBN: | 7-114-04957-9 | |
| 000 | 01419nam 2200313 450 | |
| 001 | 0100004466 | |
| 005 | 20240227164148.69 | |
| 010 | @a7-114-04957-9@dCNY28.00 | |
| 094 | @aCN@bJTG B01-2003 | |
| 100 | @a20040802d2004 ekmy0chiy0121 ea | |
| 101 | 0 | @achi |
| 102 | @aCN@b110000 | |
| 105 | @aak z 000yy | |
| 106 | @ar | |
| 200 | 1 | @a公路工程技术标准 JTG B01-2003@Agong lu gong cheng ji shu biao zhun JTG B01-2003@d= Technical standard of highway engineering@f主编单位交通部公路司 中国工程建设标准化协会公路工程委员会@g批准部门中华人民共和国交通部@zeng |
| 210 | @a北京@c人民交通出版社@d2004 | |
| 215 | @a102页@c图@d30cm | |
| 225 | 2 | @a中华人民共和国行业标准@AZhong Hua Ren Min Gong He Guo Xing Ye Biao Zhun |
| 300 | @a本标准于2004--01--29 发布;2004--03--01实施 | |
| 330 | @a本书列出了控制公路工程技术标准和建设规模的有关技术指标,注入了服务水平、通行能力等概念。 | |
| 410 | 0 | @12001 @a中华人民共和国行业标准 |
| 510 | 1 | @aTechnical standard of highway engineering@zeng |
| 606 | 0 | @a道路工程@ADao Lu Gong Cheng@x工程施工@x标准@y中国 |
| 690 | @aU415.1-65@v4 | |
| 711 | 02 | @a交通部@AJiao Tong Bu@b公路司@4主编 |
| 711 | 02 | @a中国工程建设标准化协会公路工程委员会@AZhong Guo Gong Cheng Jian She Biao Zhun Hua Xie Hui Gong Lu Gong Cheng Wei Yuan Hui@4主编 |
| 712 | 02 | @a中华人民共和国@AZhong Hua Ren Min Gong He Guo@b交通部@4批准 |
| 801 | 0 | @aCN@c20161103 |
| 905 | @a河南城建学院图书馆@dU415.1-65@eJ619 | |
| 公路工程技术标准 JTG B01-2003= Technical standard of highway engineering/主编单位交通部公路司 中国工程建设标准化协会公路工程委员会/批准部门中华人民共和国交通部.-北京:人民交通出版社,2004 |
| 102页:图;30cm.-(中华人民共和国行业标准) |
| 本标准于2004--01--29 发布;2004--03--01实施 |
| ISBN 7-114-04957-9:CNY28.00 |
| 本书列出了控制公路工程技术标准和建设规模的有关技术指标,注入了服务水平、通行能力等概念。 |
| ● |
| 相关链接 |
|
|
|
正题名:公路工程技术标准 JTG B01-2003
索取号:U415.1-65/J619
 
预约/预借
| 序号 | 登录号 | 条形码 | 馆藏地/架位号 | 状态 | 备注 |
| 1 | 1292009 | 212920099 | 土木与交通工程学院资料室/ [索取号:U415.1-65/J619] | 在馆 | |
| 2 | 1292010 | 212920106 | 土木与交通工程学院资料室/ [索取号:U415.1-65/J619] | 在馆 | |
| 3 | 1292011 | 212920115 | 土木与交通工程学院资料室/ [索取号:U415.1-65/J619] | 在馆 | |
| 4 | 1292012 | 212920124 | 土木与交通工程学院资料室/ [索取号:U415.1-65/J619] | 在馆 | |
| 5 | 1292013 | 212920133 | 土木与交通工程学院资料室/ [索取号:U415.1-65/J619] | 在馆 | |
| 6 | 1292014 | 212920142 | 土木与交通工程学院资料室/ [索取号:U415.1-65/J619] | 在馆 | |
| 7 | 1292015 | 212920151 | 土木与交通工程学院资料室/ [索取号:U415.1-65/J619] | 在馆 | |
| 8 | 1292016 | 212920160 | 土木与交通工程学院资料室/ [索取号:U415.1-65/J619] | 在馆 | |
| 9 | 1292017 | 212920179 | 土木与交通工程学院资料室/ [索取号:U415.1-65/J619] | 在馆 | |
| 10 | 1292018 | 212920188 | 土木与交通工程学院资料室/ [索取号:U415.1-65/J619] | 在馆 |